Rois et reines d'Angleterre - Statistiques

Statistiques générales
  • Ce quiz a été pris 119 fois
    8 depuis la dernière actualisation
  • Le résultat moyen est 31 sur 64
Statistiques - réponses
Règne Souverain Surnom Maison Statut % Correct
2022 - ? Charles III - Maison de Windsor Roi d'Angleterre
71%
1042 - 1066 Edward "le Confesseur" Maison de Wessex Roi du Wessex
71%
1066 Harold "Godwinson" Maison de Godwin Roi élu du Wessex
71%
1016 Edmond "Côte-de-Fer" Maison de Wessex Roi du Wessex
57%
1272 - 1307 Edward I - Plantâgenets Roi d'Angleterre
57%
1307 - 1327 Edward II - Plantâgenets Roi d'Angleterre
57%
1327 - 1377 Edward III - Plantâgenets Roi d'Angleterre
57%
1952 - 2022 Elizabeth II - Maison de Windsor Reine d'Angleterre
57%
1910 - 1936 George V - Maison de Windsor Roi d'Angleterre
57%
1936 - 1952 George VI - Maison de Windsor Roi d'Angleterre
57%
1040 - 1042 Hardeknut - Maison de Jelling Roi de Scandinavie et du Wessex
57%
1100 - 1135 Henry I "Beauclerc" Maison de Normandie Duc de Normandie
57%
1141 - 1189 Henry II "Court-Manteau" Plantâgenets Duc d'Anjou
57%
1217 - 1272 Henry III - Plantâgenets Roi d'Angleterre
57%
1399 - 1413 Henry IV - Maison de Lancastre Roi d'Angleterre
57%
1413 - 1422 Henry V - Maison de Lancastre Roi d'Angleterre
57%
1422 - 1461 Henry VI - Maison de Lancastre Roi d'Angleterre
57%
1485 - 1509 Henry VII - Maison Tudor Roi d'Angleterre
57%
1509 - 1547 Henry VIII - Maison Tudor Roi d'Angleterre
57%
1603 - 1625 James I - Maison Stuart Roi d'Angleterre
57%
1685 - 1689 James II - Maison Stuart Roi d'Angleterre
57%
1199 - 1216 John "Sans-Terre" Plantâgenets Duc d'Anjou
57%
1016 - 1035 Knut "le Grand" Maison de Jelling Roi de Scandinavie et du Wessex
57%
1189 - 1199 Richard I "Coeur-de-Lion" Plantâgenets Duc d'Anjou
57%
1377 - 1399 Richard II - Plantâgenets Roi d'Angleterre
57%
1483 - 1485 Richard III - Maison d'York Roi d'Angleterre
57%
1066 - 1087 William I "le Conquérant" Maison de Normandie Duc de Normandie
57%
1087 - 1100 William II "le Roux" Maison de Normandie Duc de Normandie
57%
978 - 1013 Aethelred "le Malavisé" Maison de Wessex Roi du Wessex
43%
1014 - 1016 Aethelred "le Malavisé" Maison de Wessex Roi du Wessex
43%
927 - 939 Aethelstan - Maison de Wessex Roi du Wessex
43%
1702 - 1714 Anne - Maison Stuart Reine d'Angleterre
43%
1625 - 1649 Charles I - Maison Stuart Roi d'Angleterre
43%
1660 - 1685 Charles II - Maison Stuart Roi d'Angleterre
43%
945 - 956 Eadred - Maison de Wessex Roi du Wessex
43%
956 - 959 Eadwig - Maison de Wessex Roi du Wessex
43%
939 - 946 Edmond - Maison de Wessex Roi du Wessex
43%
1461 - 1470 Edward IV - Maison d'York Roi d'Angleterre
43%
1471 - 1483 Edward IV - Maison d'York Roi d'Angleterre
43%
1483 Edward V - Maison d'York Roi d'Angleterre
43%
1547 - 1553 Edward VI - Maison Tudor Roi d'Angleterre
43%
1901 - 1910 Edward VII - Maison de Saxe-Cobourg et Gotha Roi d'Angleterre
43%
1936 Edward VIII - Maison de Windsor Roi d'Angleterre
43%
1558 - 1603 Elizabeth I - Maison Tudor Reine d'Angleterre
43%
1135 - 1154 Etienne - Maison de Blois Duc de Blois
43%
1714 - 1727 George I - Maison de Hanovre Roi d'Angleterre
43%
1727 - 1760 George II - Maison de Hanovre Roi d'Angleterre
43%
1760 - 1820 George III - Maison de Hanovre Roi d'Angleterre
43%
1820 - 1830 George IV - Maison de Hanovre Roi d'Angleterre
43%
1035 - 1040 Harold "Pied-de-Lièvre" Maison de Jelling Roi de Scandinavie et du Wessex
43%
1470 - 1471 Henry VI - Maison de Lancastre Roi d'Angleterre
43%
1216 - 1217 Louis VIII "le Lion" Capétiens Roi de France
43%
1553 - 1558 Mary I - Maison Tudor Reine d'Angleterre
43%
1689 - 1694 Mary II - Maison Stuart Reine d'Angleterre
43%
1141 Mathilde "l'Emperesse" Rollonides Duchesse d'Anjou
43%
1013 - 1014 Sven "à la Barbe Fourchue" Maison de Jelling Roi du Danemark et de Norvège
43%
1837 - 1901 Victoria - Maison de Hanovre Reine d'Angleterre
43%
1694 - 1702 William III - Maison Stuart Roi d'Angleterre
43%
1830 - 1837 William IV - Maison de Hanovre Roi d'Angleterre
43%
959 - 975 Edgar "le Pacifique" Maison de Wessex Roi du Wessex
29%
975 - 978 Edward "le Martyr" Maison de Wessex Roi du Wessex
29%
1653 - 1658 Oliver Cromwell - Interrègne Chef du Parlement
29%
1658 - 1659 Richard Cromwell - Interrègne Chef du Parlement
29%
1066 Edgar II "Atheling" Maison de Wessex Roi du Wessex
14%
Aucun quiz correspondant
Distribution des résultats
% des personnes avec chaque résultat
Percentile par nombre de réponses
Votre historique - résultats
Vous n’avez pas pris ce quiz depuis la dernière actualisation